000 00883nam a2200241 i 4500
001 47004
003 KOSZ 005
005 20200630132831.0
008 031021s1974 pl g f 000 0 pol
015 _aPB 1974/9593
040 _aWA N
_cKOSZ 005/RW
_dKOSZ 005/RW
080 _a807.1-3:808.4-3
245 0 0 _aSłownik łacińsko-polski.
_nT. 4,
_pP-R /
_cred. Marian Plezia ; oprac. T. Górski [et al.].
260 _aWarszawa :
_bPaństwowe Wydawnictwo Naukowe,
_c1974.
300 _a583 s. ;
_c25 cm.
380 _aKsiążki.
655 4 _aSłownik łacińsko-polski
700 1 _aGórski, Tytus
_d(1922- ).
_eOpracowanie
700 1 _aPlezia, Marian
_d(1917-1996)
_eRedakcja
710 2 _aPaństwowe Wydawnictwo Naukowe
_4pbl.
856 _uhttp://koha.tu.koszalin.pl/cgi-bin/koha/opac-detail.pl?biblionumber=47004
_yKatalog online BPK
942 _2UKD
_cKS
999 _c47004
_d47004